000 00341nam a2200133Ia 4500
008 220216s9999 xx 000 0 und d
100 _aBasnayake V S
245 0 _aSafety tapping ladders and tapping knives
260 _bPlanters Bulletin
_c1965
300 _a165-167
650 _aTapping knives
650 _aTapping ladder
942 _cJS
999 _c68385
_d68385